00253nam a2200097Ia 4500008004100000100001900041245005000060260002100110942000700131999001700138190216s9999||||xx |||||||||||||| ||und|| aCalfine Claino 0aSangethika Padangal Telephone Prathishtapanam bBhasha Institute cBK c38772d38772